00845nam a2200253 a 4500001000200000003000900002005001700011007000200028008003400030020001800064040002200082082002500104100002000129245010300149260003500252300005400287534003500341650004000376650004400416650003600460700004100496700003500537710001900572 DO-SdBNP20241010124924.0 090819s1999 ny a 000 0 spa d a9789702218364 aBPMSUbspacBPMSU 4a813.5bM47e 19992221 aMcPhail, David.13aEl día que el perro dijo, !Quiquiriquí! /cDavid McPhail ; traducido por Susana Pasternac. b  a New York :bScholastic,c1999 aVarias paginaciones . :bilustraciones ;c27 cm. aTexto en español e inglés  4aCuentos infantiles estadounidenses. 4aLiteratura infantil estadounidensesv  4aLibros ilustrados para niños 1 a Pasternac, Susanaetraducción 4 1 aStellino, Beatriz etraductor 2 aWalt Disney